Słowa mono - Statystyki

Ogólne statystyki
  • Ten quiz został rozwiązany 9 razy
  • Średni wynik to 5 z 14
Statystyki odpowiedzi
Definicja Słowo % Poprawnych
Długa, nieprzerwana przemowa w sztuce teatralnej lub powieści Monolog
75%
Kontrola całego rynku przez jedną firmę Monopol
75%
Praktyka bycia w związku małżeńskim z tylko jedną osobą na raz Monogamia
63%
Okulary na jedno oko Monokl
63%
Osoba wierząca tylko w jednego boga Monoteizm
63%
Styl mówienia bez zmiany wysokości, głośności lub intonacji Monoton
63%
Wzór składający się z jednej lub więcej liter, używany jako znak identyfikacyjny Monogram
38%
Coś zrobionego z jednego dużego bloku kamienia Monolit
38%
Uprawa jednej rośliny lub społeczeństwo bez różnorodności Monokultura
25%
Pełna nazwa choroby zakaźnej, w skrócie „mono” Mononukleoza
13%
enzym występujący w wielu tkankach ustroju zlokalizowany w cytozolu. Monoaminooksydaza
0%
Posiadanie tylko jednego koloru Monochromatyczność
0%
Zaburzenie psychiczne charakteryzujące się niezdrową obsesją na punkcie jakiejś konkretnej rzeczy Monomania
0%
Posiadanie imienia składającego się z jednego słowa, takiego jak Prince lub Cher Mononymous
0%
Nie znaleziono quizów pasujących do podanych kryteriów
Rozkład punktacji
Procent ludzi z każdym wynikiem
Percentyl według liczby udzielonych odpowiedzi
Twoja historia wyników
Nie rozwiązałeś tego quizu